Advanced engineering economics /
This book is divided into four parts: Basic concepts and techniques in economic analysis; Deterministic analysis; Stochastic; and Special topics in engineering economic analysis.
Αποθηκεύτηκε σε:
| Κύριος συγγραφέας: | |
|---|---|
| Άλλοι συγγραφείς: | |
| Μορφή: | Βιβλίο |
| Γλώσσα: | English |
| Έκδοση: |
New York :
J. Wiley,
1990.
|
| Θέματα: | |
| Ετικέτες: |
Προσθήκη ετικέτας
Δεν υπάρχουν, Καταχωρήστε ετικέτα πρώτοι!
|
| Thư viện lưu trữ: | Mạng thư viện Đại học Đà Nẵng |
|---|
| LEADER | 01058cam a2200349 i 4500 | ||
|---|---|---|---|
| 001 | 000048937 | ||
| 003 | 8663 | ||
| 005 | 20051111142014.0 | ||
| 008 | 010320b1990 vm 000 eng | ||
| 020 | |a 0471799890 | ||
| 040 | |a IRC |c IRC |d IRC | ||
| 041 | 0 | |a eng | |
| 082 | 1 | 4 | |a 658.15 |b PA-C |
| 100 | 1 | |a Park, Chan S. | |
| 245 | 1 | 0 | |a Advanced engineering economics / |c Chan S. Park, Gunter P. Sharp-Bette. |
| 260 | |a New York : |b J. Wiley, |c 1990. | ||
| 300 | |a xxiv, 740 p. : |b ill. ; |c 23.5 cm. | ||
| 520 | 3 | |a This book is divided into four parts: Basic concepts and techniques in economic analysis; Deterministic analysis; Stochastic; and Special topics in engineering economic analysis. | |
| 630 | 0 | 4 | |a Economics. |
| 630 | 0 | 4 | |a Engineering. |
| 650 | 0 | 4 | |a Engineering economy. |
| 700 | 1 | |a Sharp-Bette, Gunter. | |
| OWN | |a DUT | ||
| 999 | |a From the UDN01 | ||
| TYP | |a Monograph | ||
| TYP | |a Printed language | ||
| 980 | |a Mạng thư viện Đại học Đà Nẵng | ||


